000 00314nam a22001337a 4500
008 181029b xxu||||| |||| 00| 0 eng d
020 _a2740224931367
041 _aeng
080 _a320
100 _a20
101 _aSHP
245 _aAmerican Government Institutions & Politics
_cWilson,J.Q
942 _2udc
_cBK
999 _c50948
_d50948